Art today: An introduction to the fine and functional arts (Record no. 1347527)

MARC details
000 -LEADER
fixed length control field 00564nam a2200193Ia 4500
005 - DATE AND TIME OF LATEST TRANSACTION
control field 20250508154102.0
008 - FIXED-LENGTH DATA ELEMENTS--GENERAL INFORMATION
fixed length control field 008 250505s9999 xx 000 0 eng d
037 ## - SOURCE OF ACQUISITION
Stock number Textual
040 ## - CATALOGING SOURCE
Original cataloging agency FEDL
Language of cataloging eng
Transcribing agency FEDL
041 ## - LANGUAGE CODE
Language code of text/sound track or separate title eng
Source of code eng
084 ## - COLON CLASSIFICATION NUMBER
Classification number 700, FAU
Assigning agency FEDL
100 ## - MAIN ENTRY--PERSONAL NAME
Personal name Faulkner Ray
245 #0 - TITLE STATEMENT
Title Art today: An introduction to the fine and functional arts
260 ## - PUBLICATION, DISTRIBUTION, ETC.
Place of publication, distribution, etc. London, UK
Name of publisher, distributor, etc. Peter Owen Limited
Date of publication, distribution, etc. 1956
300 ## - PHYSICAL DESCRIPTION
Extent xxi,553p.
700 ## - ADDED ENTRY--PERSONAL NAME
Personal name Ziegfeld Edwin Hill Geral
9 (RLIN) 765021
942 ## - ADDED ENTRY ELEMENTS (KOHA)
Koha item type Textual
Classification part 700, FAU
Holdings
Withdrawn status Lost status Damaged status Not for loan Home library Current library Date acquired Total Checkouts Full call number Barcode Date last seen Price effective from Koha item type
        Department of Education Library Department of Education Library 2025-05-08   700, FAU EL0031129 2025-05-08 2025-05-08 Textual
Copyright @ Delhi University Library System